000
00228nam a22000977a 4500
999
_c
16106
_d
16106
003
OSt
008
191106b ||||| |||| 00| 0 eng d
100
_a
Desai,M P.
_9
4281
245
_a
Planning for basic national economy
942
_c
BK